| 000 | 00346nam a22001457a 4500 | ||
|---|---|---|---|
| 008 | 210303b ||||| |||| 00| 0 eng d | ||
| 020 | _a9780198751618 | ||
| 041 | _aeng | ||
| 080 | _a101 | ||
| 082 | _a101 | ||
| 100 | _a24 | ||
| 101 | _aFIL | ||
| 245 |
_aA treatise Concerning the Principles of Human Knowledge _cBerklery, G |
||
| 942 |
_2udc _cBK |
||
| 999 |
_c55558 _d55558 |
||